Official Languages of Asia Quiz Stats

 Plays Quiz Updated Feb 21, 2015

Challenge
Share
Tweet
Embed
Score 0/47 Timer 10:00
3 Plays Today
Country Language % Correct
ChinaMandarin
98.1%
TaiwanMandarin
98.1%
SingaporeEnglish, Mandarin, Malay, Tamil
97.8%
IsraelArabic and Hebrew
96%
IraqArabic and Kurdish
95.7%
JordanArabic
95.7%
KuwaitArabic
95.7%
QatarArabic
95.7%
SyriaArabic
95.7%
United Arab EmiratesArabic
95.7%
BahrainArabic
95.7%
LebanonArabic
95.7%
OmanArabic
95.7%
YemenArabic
95.6%
Saudi ArabiaArabic
95.6%
IndiaHindi and English
94.3%
North KoreaKorean
93.6%
South KoreaKorean
93.6%
RussiaRussian
93.4%
PakistanUrdu and Pakistani English
92.8%
KazakhstanKazakh and Russian
90.5%
TurkeyTurkish
89.7%
ThailandThai
89.5%
VietnamVietnamese
89.5%
Country Language % Correct
PhilippinesFilipino/Tagalog and English
89%
KyrgyzstanKyrgyz and Russian
88.6%
ArmeniaArmenian
83.9%
BruneiMalay
83.9%
MalaysiaBahasa Malaysia
83.8%
CambodiaKhmer
78.4%
MongoliaKhalkha Mongol
78.3%
IranPersian (Farsi)
76.2%
GeorgiaGeorgian
75.9%
IndonesiaBahasa Indonesia
75.4%
BangladeshBangla
74.7%
LaosLao
74.3%
UzbekistanUzbek
73.9%
TajikistanTajik
68.4%
TurkmenistanTurkmen
64.4%
AzerbaijanAzeri
62.9%
MyanmarBurmese
60.4%
AfghanistanPersian (Dari) and Pashto
60.4%
NepalNepali
56%
Timor-LestePortuguese and Tetum
35.8%
MaldivesDhivehi
22.7%
Sri LankaSinhala
19.8%
BhutanDzongkha
12.5%

You're not logged in!

Compare scores with friends on all Sporcle quizzes.
OR
Log In

You Might Also Like...

Show Comments

Extras

Top Quizzes Today


Score Distribution

Your Account Isn't Verified!

In order to create a playlist on Sporcle, you need to verify the email address you used during registration. Go to your Sporcle Settings to finish the process.

Report this User

Report this user for behavior that violates our Community Guidelines.

Details: